| 000 | 00334nam a22001217a 4500 | ||
|---|---|---|---|
| 008 | 140815b xxu||||| |||| 00| 0 eng d | ||
| 020 | _a9789810697983 | ||
| 050 | _aHD 30.28 .D249 2014 | ||
| 100 | _aDavid, Fred R. | ||
| 245 |
_aStrategic Management Concepts and Cases _bGlobal Edition |
||
| 300 | _aIncludes Idnex | ||
| 942 |
_2lcc _cBK |
||
| 999 |
_c229368 _d229368 |
||